Aspectos teóricos sobre la delincuencia juvenil y la rehabilitación conductual /

sin resumen

Uloženo v:
Podrobná bibliografie
Hlavní autor: Alvarez Chuart, Jorge
Médium: Text
Tagy: Přidat tag
Žádné tagy, Buďte první, kdo vytvoří štítek k tomuto záznamu!

MARC

LEADER 00000 a a2200000 04500
001 18686
003
040
100 |a Alvarez Chuart, Jorge  
245 |a Aspectos teóricos sobre la delincuencia juvenil y la rehabilitación conductual /  |c Jorge Alvarez Chuart 
520 |a sin resumen  
773 |g número 56; páginas 5-15  
999 |c 36188  |d 36188 
773 0 |0 18957  |9 4833  |a Pontificia Universidad Católica de Chile.   |d Santiago, Chile Pontificia Universidad Católica de Chile. Escuela de Trabajo Social  |o MFN: 1163  |t Trabajo Social /  |x 07162642